| 000 | 01145cab a2200229 4500 | ||
|---|---|---|---|
| 001 | ABS53622 | ||
| 008 | 090401t1995 xxu||||| |||| 00| 0 eng d | ||
| 035 | _a(Sirsi) u5406 | ||
| 041 | _aeng | ||
| 245 | _aRe Grosvenor Estate (Mayfair) London`s application | ||
| 260 | _c1995 | ||
| 350 | _a0 | ||
| 490 |
_aEstates Gazette _v(1995) 38 EG 142-146(5) |
||
| 520 | _aLVT 28 March 1995. The applicant landlord (G) applied under Leasehold Reform, Housing and Urban Development Act 1993 s70 for approval for a management scheme for their Mayfair estate. Included in the scheme were provisions for three-yearly external decorations, recovery of costs in considering applications for altering any premises and a fee for the scheme`s administration. The scheme was approved as being in accordance with Leasehold Reform, Housing and Urban Development Act 1993 s70. | ||
| 650 | _aGROSVENOR ESTATE MAYFAIR LONDON | ||
| 650 | _aLEASEHOLD REFORM, HOUSING AND URBAN DEVELOPMENT ACT 1993 S70 | ||
| 650 | _aMANAGEMENT FEES | ||
| 650 | _aMANAGEMENT SCHEME | ||
| 690 | _aLANDLORD AND TENANT-CASE LAW-LEASEHOLD REFORM | ||
| 942 | _n0 | ||
| 948 | _c04/03/1997 | ||
| 999 |
_c3216 _d3216 |
||